00322nam a2200109 4500008004100000040005500041080002200096100001900118245002700137260003200164300001600196240911b |||||||| |||| 00| 0 eng d aNational Science LibrarycNational Science Library aR 805.90(038)bK0 aLevitchi, Leon aDictionar romin-englez bEditura Stiintifica, c1960 axiv, 1165p.